Chinese Civil War - Statistics

General Stats
  • This quiz has been taken 206 times
  • The average score is 35 of 94
Answer Stats
Hint Answer % Correct
Dynasty ruling China from the 1600s Qing
96%
Rising Asian power Japan
87%
Two regions sought after by this nation Manchuria
75%
Inferior CCP member whose plan was taken instead Mao Zedong
72%
Where did the Kuomintang flee to Taiwan
69%
Year beginning the Japanese invasion 1937
66%
Year where Japan annexed Manchuria 1931
64%
City where the massacres began Shanghai
63%
Shanghai
63%
Who forcibly replaced him? Chiang Kai-Shek
62%
Exiled revolutionary Sun Yat-Sen
62%
2-year-old emperor crowned Pu-Yi
60%
Nation claiming that Taiwan is one of its provinces, hence other countries do too China
59%
Place where delegates of the rebelling provinces gathered Nanjing
59%
Cities conquered in April Nanjing
59%
What is it officially known as (even today) Republic of China
59%
Korea
58%
Year of his coronation 1908
57%
Year of this 1911
57%
Which year did this begin 1934
56%
Political party formed by Yat-Sen as a result of his poor leadership Kuomintang
56%
In which city were mass protests held Beijing
55%
Violently put down peasant uprising, 1900 Boxer Rebellion
52%
War where they defeated China First Sino-Japanese War
52%
Year of his ascension 1912
51%
Legendary evacuation by the depleted Communists The Long March
51%
1895
50%
Yat-Sen, then the president, died in ... 1925
50%
Year of this 1927
50%
Using ... tactics Guerrilla
50%
Who invaded Manchuria USSR
50%
Start and end years of the war 1894
49%
What type of communist was he Chinese
46%
Event begun by Mao in to modernize the nation Great Leap Forward
46%
Wars causing instability in the nation Opium Wars
46%
Another event where up to 20 million people died (began 1966) Cultural Revolution
45%
Which war did this begin Second Sino-Japanese War
45%
Year of this 1922
44%
Year when was Chiang cut off from supplying his troops 1948
43%
What did the president declare himself as in 1916 Emperor
43%
What percent of people did they arrive with 10
42%
Until when did it represent 'China' in the UN before the PRC replaced it 1971
42%
China was then known as the ... People's Republic of China
40%
China began to be controlled by Warlords
38%
The CCP were able to get ... land than they had before More
37%
Which province was their destination Shanxi
37%
Name of this alliance United Front
35%
In January 1949, Beijing and which other city fell to the CCP Tianjin
34%
English translation of this party Nationalist party
33%
General of the Qing army Yuan Shikai
33%
Defeat in Manchuria came in which month? March
32%
Guangzhou
31%
Party that they formed an alliance with Chinese Communist Party
30%
Alliance proposed by Mao to fight against the Japanese Second United Front
30%
Chiang still kept some ... in the north Troops
29%
Chiang had his generals ... after they made him agree Executed
28%
Event caused by this, killing 20-75 million people Great Famine
28%
1919 treaty outraging the Chinese Treaty of Versailles
27%
Coalition that defeated this Eight-Nation alliance
24%
The US army claimed to be ... Neutral
24%
The US then intervened and wanted ... Peace
24%
Name of the major uprising Wuchang uprising
23%
Chiang then wanted to let the ... fight for him Americans
22%
Name of Communist persecution began by him White Terror
22%
What was offered to him so that he would switch sides Presidency
21%
Date when Mao declared victory 1 October 1949
20%
Date when Japan declared war on the US 8 December 1941
20%
This involved turning villages into ... Bases
20%
Yat-Sen was to be president of the ... Chinese Republic
20%
Month (and year) that Chiang was kidnapped by his generals December 1936
20%
The president once again ... Yat-Sen Exiled
20%
However, it had transported Chiang's army on ... Ships
18%
Soviet organization which began advising the former Cominform
17%
After the Japanese left in 1945, a huge ... began Land grab
17%
What type of communist was he Traditional
17%
Mao left Cominform as he believed Soviets were not ... True communists
17%
The vacancy of Manchuria ... the negotiations Ended
16%
He was known as the ... Founder of the nation
16%
What Chinese land did this give to the Japanese German colonies
16%
So the Kuomintang lost much ... Ground
15%
Month (and year) where peace talks broke down July 1946
15%
Who was Li replaced by (by the Soviets) 28 Bolsheviks
14%
And then resorting to ... once they were on a level playing field Conventional war
14%
Month (and year) by which the CCP had been pushed back December 1945
14%
Month (and year) of Mao's election to the leader of the CCP January 1935
14%
What did they hand over to the CCP Japanese stockpiles
14%
Leader of the CCP Li Lisan
14%
The nationalist party declared a ... Military government
14%
US Ambassador attempting to reconcile the CCP and Kuomintang Patrick Hurley
14%
This gave the CCP time to ... Recuperate
14%
What did he die of in the same year Uraemia
14%
River that caused 50% of forces to be lost Xiang river
14%
Mao's Guerrilla tactics were ... the Kuomintang Bleeding dry
13%
Mao then formulated his ... Revolutionary plan
13%
No matching quizzes found
Score Distribution
Percent of People with Each Score
Percentile by Number Answered
Your Score History
You have not taken this quiz